| 000 | 00618nam a2200253 a 4500 | ||
|---|---|---|---|
| 003 | AR-BaBNM | ||
| 005 | 20251128205236.0 | ||
| 008 | 082120s2002 ||||||||||||||000 | spa|| | ||
| 020 | _a950-511-123-1 | ||
| 040 | _cAR-BaBNM | ||
| 100 | 1 | _aRivera, Andrés | |
| 245 | 0 | 0 | _aEl amigo de Baudelaire |
| 250 | _a1ª ed. | ||
| 260 |
_aBuenos Aires _bAlfaguara _c1991 |
||
| 300 | _a91 p. | ||
| 650 | 4 | _aLITERATURA ARGENTINA | |
| 650 | 4 | _aLITERATURA CONTEMPORANEA | |
| 650 | 4 | _aESCRITORES | |
| 653 | _aNOVELA HISTORICA | ||
| 653 | _aINFLUENCIA CLASICA | ||
| 655 | _aLITERATURA | ||
| 942 | _cBK | ||
| 998 | _cMARTIN | ||
| 999 |
_c10558 _d10558 |
||